000 00574nam a22001697a 4500
003 OSt
005 20171010095508.0
008 120810t xxu||||| |||| 00| 0 eng d
040 _aMMSU
_cULS
100 _aCaces, Maria Fe F.
_911982
245 _aPersonal networks and the material adaptation of recent immigrants: a study of Filipinos in Hawaii
_cMaria Fe F. Caces
260 _c1985
300 _axv, 250 leaves
_c28 cm.
500 _aThesis (PhD.-Sociology) -- University of Hawaii, United States of Amer5ica
504 _aBibliography: 234-250
942 _2ddc
_cTHEDIS
999 _c9693
_d9693